000 02091nab a2200241 i 4500
003 BR-BrBNA
005 20250611121331.0
008 250611b2018 bl.qr|pooa||| 00| 0 por |
040 _aBR-BrBNA
_bpor
072 _aF70
100 _aFraga, Fernanda Ribeiro de Mello
100 _aCouto, Ricardo Sousa
245 _aFlora das cangas da Serra dos Carajás, Pará, Brasil: Dioscoreaceae
500 _aPublicação on-line; 9 ref.; 1 illus.; Summaries (En, Pt)
520 _a Resumo Este estudo apresenta um tratamento florístico das espécies de Dioscoreaceae registradas nas cangas da Serra dos Carajás, Pará. Apresentam-se descrições detalhadas, chave para identificação, fotografias, distribuição geográfica, comentários morfológicos e ecológicos das espécies tratadas. Foram registradas seis espécies de Dioscoreaceae para área de estudos, todas pertencentes ao gênero Dioscorea, incluindo D. planistipulosa, um novo registro para o estado e para a região amazônica. Palavras-chave: Cará, complexo Dioscorea piperifolia, Dioscorea, inhame, FLONA Carajás. Abstract The study presents a floristic survey for the species of Dioscoreaceae recorded in the canga of Serra dos Carajás, Pará state. Detailed descriptions, identification key, photos, geographical distribution and morphological comments are provided for all species, as well comments on the habitat. Six species were recorded in the study area, all belonging to the genus Dioscorea, including D. planistipulosa, a new record for the state and the Amazonian region. Key words: Cará, Dioscorea piperifolia complex, Dioscorea, yam, FLONA Carajás.
650 _aDIOSCOREA CAYENENSIS
650 _aCARAJÁS
650 _aINHAME
773 0 _0709
_9350966
_dRio de Janeiro-RJ Jardim Botanico do Rio de Janeiro 1935
_o2025-3590
_tRodriguésia (Brazil)
_x0370-6583; 2175-7860 on-line
_gv. 69(3) p. 1105-1111; (2018)
_wBR2025003124
856 _uhttps://www.scielo.br/j/rod/a/cstmWPzVHf5cFzjyjp6s9dQ/?format=pdf&lang=pt
942 _cANA
999 _c332017
_d332017